000 00614nam a2200169 a 4500
001 000045738
005 20201002052421.0
008 150508s2010 dr a 000 0 spa d
020 _a9789993478515
040 _aDO-SdBNP
_bspa
_cBNPHU
100 1 _aEscarramán, Víctor
_973346
245 1 0 _aTarjeta de crédito :
_by responsabilidades que derivan del contrato /
_cVíctor Escarramán.
260 _aSanto Domingo :
_bLibrería Jurídica Internacional,
_c2010.
300 _a292 p. :
_bil. ;
_c23 cm.
590 _aLa biblioteca posee un (1) ejemplar autográfiado por el autor.
504 _aBibliografía p: 285-292
999 _c45227
_d45227